000
00319nam a22001457a 4500
008
221021b ||||| |||| 00| 0 eng d
020
_a
x001c9k0ib
041
_a
eng
080
_a
72
082
_a
72 LYS
100
_a
19.1
101
_a
ART
245
_a
NEW ALGORITHMS ARCHITECTURES
_c
LYSAGHT P
942
_2
udc
_c
BK
999
_c
58637
_d
58637